Of Lena Geyer
Na minha lista:
| Autor principal: | |
|---|---|
| Formato: | Livro |
| Idioma: | Undetermined |
| Publicado em: |
New York, Estados Unidos
Charles Scribner´s Sons
1936
|
| Assuntos: | |
| Tags: |
Adicionar Tag
Sem tags, seja o primeiro a adicionar uma tag!
|
MARC
| LEADER | 00000nam a2200000Ia 4500 | ||
|---|---|---|---|
| 008 | 170316s9999 xx 000 0 und d | ||
| 999 | |c 28764 |d 28764 | ||
| 040 | |a cru BVZT | ||
| 090 | |a F-810 D-1o | ||
| 100 | |a Davenport, Marcia | ||
| 245 | |a Of Lena Geyer | ||
| 260 | |a New York, Estados Unidos | ||
| 260 | |b Charles Scribner´s Sons | ||
| 260 | |c 1936 | ||
| 300 | |a 473 páginas | ||
| 650 | |a LITERATURA ESTADOUNIDENSE |9 25 | ||
| 942 | |c 15 D |h F-810 D-1o |2 z | ||
